| 000 | 00577nam a22001697a 4500 | ||
|---|---|---|---|
| 005 | 20231115132619.0 | ||
| 008 | 231115b |||||||| |||| 00| 0 eng d | ||
| 020 | _a0702129704 | ||
| 041 | _aEnglish | ||
| 082 | _a344.1 LOT | ||
| 100 |
_aLotter, C and Mosime, K _lEnglish |
||
| 245 |
_aArbitration at Work : _bPractice & Procedure in Individual Dismissal Disputes / _cC Lotter and K Mosime |
||
| 260 |
_aCape Town : _bJuta and Company Ltd, _c1993 |
||
| 300 |
_bxv, 124 pages ; _c25,5 cm. |
||
| 650 |
_aLegal practice _bLaw |
||
| 942 |
_cBK _6ALISON_BN_VRIES |
||
| 999 |
_c684 _d684 |
||